The councillors' code of conduct and planning (Record no. 117664)

MARC details
000 -LEADER
fixed length control field 01133cam a2200241 4500
001 - CONTROL NUMBER
control field ABS68053
008 - FIXED-LENGTH DATA ELEMENTS--GENERAL INFORMATION
fixed length control field 040707n2004 000 0 eng u
035 ## - SYSTEM CONTROL NUMBER
System control number (Sirsi) u126727
100 ## - MAIN ENTRY--PERSONAL NAME
Personal name McFadden, J.
245 #4 - TITLE STATEMENT
Title The councillors' code of conduct and planning
260 ## - PUBLICATION, DISTRIBUTION, ETC.
Date of publication, distribution, etc. 2004
490 ## - SERIES STATEMENT
Series statement Scottish Planning and Environmental Law
Volume/sequential designation (103) June 2004, 55-56(2)
520 ## - SUMMARY, ETC.
Summary, etc. Discusses the statutory code of conduct which was introduced by the Ethical Standards in Public Life Etc (Scotland) Act 2000 and came into effect on 1 May 2003. The code requires councillors to declare financial and other interests that may be reasonably thought to influence a councillor's actions, speeches or votes in the council. It is this aspect which is causing problems for councillors who are members of committees dealing with planning applications.
590 ## - LOCAL NOTE (RLIN)
Local note ABS
590 ## - LOCAL NOTE (RLIN)
Local note ABS
650 ## - SUBJECT ADDED ENTRY--TOPICAL TERM
Topical term or geographic name entry element ETHICAL BEHAVIOUR
650 ## - SUBJECT ADDED ENTRY--TOPICAL TERM
Topical term or geographic name entry element SCOTLAND
650 ## - SUBJECT ADDED ENTRY--TOPICAL TERM
Topical term or geographic name entry element PLANNING COMMITTEES
650 ## - SUBJECT ADDED ENTRY--TOPICAL TERM
Topical term or geographic name entry element PLANNING APPLICATIONS
650 ## - SUBJECT ADDED ENTRY--TOPICAL TERM
Topical term or geographic name entry element ETHICAL STANDARDS IN PUBLIC LIFE ETC. (SCOTLAND) ACT 2000
690 ## - LOCAL SUBJECT ADDED ENTRY--TOPICAL TERM (OCLC, RLIN)
Topical term or geographic name as entry element PLANNING-PRACTICE
942 ## - ADDED ENTRY ELEMENTS (KOHA)
Suppress in OPAC 0
Holdings
Withdrawn status Lost status Source of classification or shelving scheme Damaged status Not for loan Home library Current library Shelving location Date acquired Total Checkouts Full call number Barcode Date last seen Copy number Price effective from Koha item type
    Dewey Decimal Classification     London London Journal article 07/07/2004   ABS68053 126727-1001 06/08/2019 1 06/08/2019 Journal article